Biggest Cities In India in 1871 - Statistics

General Stats
  • This quiz has been taken 32 times
  • The average score is 10 of 16
Answer Stats
Population 1871 Name % Correct
644,405 Bombay
96%
794,645 Calcutta
93%
154,417 Delhi
93%
397,552 Madras
93%
142,513 Bangalore
89%
118,886 Poona
86%
116,873 Ahmedabad
79%
284,779 Lucknow
68%
107,149 Surat
68%
149,008 Agra
64%
122,770 Cawnpoor
57%
158,900 Patna
46%
175,188 Benares
43%
135,813 Umritsur
39%
143,693 Allahabad
29%
102,982 Bareilly
4%
No matching quizzes found
Score Distribution
Percent of People with Each Score
Percentile by Number Answered
Your Score History
You have not taken this quiz